Funcóes reais
Αποθηκεύτηκε σε:
| Κύριος συγγραφέας: | |
|---|---|
| Μορφή: | Βιβλίο |
| Γλώσσα: | Πορτογαλικά |
| Έκδοση: |
Washington, D.C
Secretaria Geral da Organizacáo dos Estados Americanos
1980
|
| Έκδοση: | 2a. ed |
| Σειρά: | Serie de Matemática. Monografía, 10
|
| Θέματα: | |
| Ετικέτες: |
Προσθήκη ετικέτας
Δεν υπάρχουν, Καταχωρήστε ετικέτα πρώτοι!
|
MARC
| LEADER | 00000nam a2200000 a 4500 | ||
|---|---|---|---|
| 001 | UCW0891 | ||
| 003 | CL-VaPUC | ||
| 008 | 891129e19800000US |||||||||||||||||por|d | ||
| 082 | 0 | 4 | |a 515.8 |b FIG |2 21 |
| 100 | 0 | |a Figueiredo, Djairo Guedes de |e author |9 304810 | |
| 245 | 1 | 0 | |a Funcóes reais |
| 250 | |a 2a. ed | ||
| 300 | |a 156 p | ||
| 942 | |c BK | ||
| 945 | |d 19891129 00:00:00 | ||
| 260 | |a Washington, D.C |b Secretaria Geral da Organizacáo dos Estados Americanos |c 1980 | ||
| 650 | 0 | |a Funciones de variables reales |9 304566 | |
| 583 | |a last modification |c 19891129 00:00:00 |k Rodrigo Vera | ||
| 490 | 0 | |a Serie de Matemática. Monografía, 10 | |
| 999 | |c 215918 |d 215916 | ||
| 952 | |0 0 |1 0 |4 0 |6 515_800000000000000_FIG_1980 |7 0 |8 A |9 201144 |a BIBMAT |b BIBMAT |d 2019-11-14 |i 2683164 |o 515.8 FIG 1980 |p 2683164 |r 2025-01-07 |w 2019-11-14 |y BK |k MAT | ||